Євробюлетень (Запис № 331851)

МАРК-запис
000 -Лідер
fixed length control field 00728nam a22002537a 4500
003 - Ідентифікатор контрольного номера
control field UA-OsUOA
001 - Контрольний номер
control field 45757
007 - Фіксоване поле фізичного опису
fixed length control field ta
008 - Елементи даних фіксованої довжини – загальна інформація
fixed length control field 20070510b un ||||| |||| 00| 0 ukr d
090 ## - Локальний шифр розміщення
Класифікаційний індекс УДК 32
Авторський знак (НП) Є-11
040 ## - Джерело каталогізації
Агенція оригінальної каталогізації UA-OsUOA
Мова каталогізації ukr
Агенція, яка здійснювала перезапис UA-OsUOA
Агенція, яка здійснювала модифікацію UA-OsUOA
041 ## - Код мови
Код мови тексту/ звукової доріжки чи окремого заголовка (П) ukr
080 ## - Індекс Універсальної десяткової класифікації
Індекс Універсальної десяткової класифікації (УДК) (НП) 32
022 ## - Міжнародний стандартний серіальний номер (ISSN)
Міжнародний стандартний серіальний номер (ISSN) 1725-0811
044 ## - Код країни видавця/ виробника
Код країни видавця/ виробника (П) UA
099 ## - Місцевий розмір звичайного тексту (OCLC)
Передплатний індекс 98603
245 ## - Відомості про назву
Назва (НП) Євробюлетень
Дані про відповідальність (НП) Гол. ред. Яцюк Т.
260 ## - Публікація, розповсюдження і т.п. (Вихідні дані)
Місце публікації, розповсюдження і т.п. (П) К.
Ім’я/ наймення видавництва, розповсюджувача і т.п. (П) Консультант
246 31 - Інша форма назви
Назва (НП) Інформаційне видання Предстанвництва Європейської Комісії в Україні та Бєларусі
Номер частини/ розділ роботи (П)
300 ## - Фізичний опис
Обсяг 26 с.
650 #7 - Додаткове предметне введення – тематичний термін
Тематичний термін чи географічна назва, як елемент введення (НП) 32 Політика
Джерело заголовка чи терміна UDC
942 ## - Додаткові елементи входу (Коха)
Тип елемента Koha Журнал
955 ## - Код типу видання за змістом
Код типу видання за змістом (НП) Наукові видання

Немає доступних примірників.